• 首页
  • 本馆介绍
  • 公告通知
  • 最新文献
  • 馆藏检索
  • 电子资源
  • 读者导购
  • 参考咨询
  • 我的图书馆
  • 登录
  • 详细信息显示
  • 放入我的书架
  • 预约/预借图书
  • 作者相关作品
  • 分类相关作品
  • 丛书相关作品
  • 出版社相关作品

书目信息

  • 表格格式
  • 工作单格式
  • 卡片格式
题名:
史说霸王城寿圣寺
    
 
作者: 李昊 著
分册:  
出版信息: 北京   团结出版社  2017
页数: 272页
开本: 24cm
丛书名:
单 册:
中图分类: I253.8
科图分类:
主题词: 纪实文学--中国--当代
电子资源:
ISBN: 978-7-5126-5162-3
000 00911nam0 2200229 450
001 012001001203
005 20140920091302.0
010    @a978-7-5126-5162-3@dCNY58.00
100    @a20171018d2017 em y0chiy50 ea
101 0  @achi
102    @aCN@b110000
105    @aa z 000zy
106    @ar
200 1  @a史说霸王城寿圣寺@9Shi Shuo Ba Wang Cheng Shou Sheng Si@f李昊著
210    @a北京@c团结出版社@d2017
215    @a272页@c图@d24cm
330    @a本书为一部历史纪实类作品。主题为中华民族传统文化。据专家考证,垓下古战场俗称霸王城,当年的垓下古战场就位于今天安徽省蚌埠市固镇县濠城镇一带,现今的垓下村就是两千多年前的垓下霸王古城。霸王城位于濠城镇北侧,紧临沱河,是垓下遗址的核心保护区。该书运用章回体方式讲述了此文化要地的各种历史典故、历史渊源。
606 0  @a纪实文学@y中国@z当代
690    @aI253.8@v5
701  0 @a李昊@9Li Hao@4著
801  0 @aCN@b上海新华@c20180901
905    @b1156029-33@dI253.8@e1048@f5
    
    史说霸王城寿圣寺/李昊著.-北京:团结出版社,2017
    272页:图;24cm
    
    
    ISBN 978-7-5126-5162-3:CNY58.00
    本书为一部历史纪实类作品。主题为中华民族传统文化。据专家考证,垓下古战场俗称霸王城,当年的垓下古战场就位于今天安徽省蚌埠市固镇县濠城镇一带,现今的垓下村就是两千多年前的垓下霸王古城。霸王城位于濠城镇北侧,紧临沱河,是垓下遗址的核心保护区。该书运用章回体方式讲述了此文化要地的各种历史典故、历史渊源。
●
相关链接 在E读中查询图书 在五车中查询图书 在当当中查询图书 在豆瓣中查询图书


正题名:史说霸王城寿圣寺     索取号:I253.8/1048         预约/预借

序号 登录号 条形码 馆藏地/架位号 状态 备注
1 1156029   211560292   第一样本阅览室/ [索取号:I253.8/1048] 在馆    
2 1156030   211560309   密集书库-文学院/ [索取号:I253.8/1048] 在馆    
3 1156031   211560318   第二借阅区/ [索取号:I253.8/1048] 在馆    
4 1156032   211560327   第二借阅区/ [索取号:I253.8/1048] 在馆    
5 1156033   211560336   第二借阅区/ [索取号:I253.8/1048] 在馆    
唐山师范学院图书馆 欢迎您!
大连网信软件有限公司© 版权所有